00667nab a2200229 uc450000100070000000500170000700800410002403500110006503500210007604000130009704100080011010000360011824500110015465000170016565000280018265000210021065000340023165000410026577301020030694200100040899900190041845683420241009093752.0990615s1998 eng  a456834 a(OCoLC)819786538 ccomduadb aeng10aDacameron, C.4auteaut949404110aCopper aCobre910066 aEfectos adversos938129 aToxicidad921306 aExposición ambiental948703 7aExposición profesional2dcs9385830 tIPCS : Environmental Health Criteria (Ginebra)gNo. 200, 1998, p. 1-360w325419z0250863X0106015 cARIMP c115265d115265